Red bat in baja California, Mexico (Registro nro. 11548)

Detalles MARC
000 -CABECERA
Campo de control 004630000a22001570004500
090 ## - CLASIFICACIÓN LOCAL
Colección AR
Consecutivo 02481
041 0# - IDIOMA
Código de idioma para texto/pista de sonido o título separado
100 1# - ASIENTO PRINCIPAL--NOMBRE PERSONAL
Nombre personal Jones, J. Knox
245 10 - MENCION DE TITULO
Título Red bat in baja California, Mexico
650 14 - ASIENTO SECUNDARIO DE MATERIA - TERMINO TEMATICO
Término temático o nombre geográfico como elemento de entrada Murciélagos
650 14 - ASIENTO SECUNDARIO DE MATERIA - TERMINO TEMATICO
Término temático o nombre geográfico como elemento de entrada Distribución geográfica
651 #4 - ASIENTO SECUNDARIO DE MATERIA - NOMBRE GEOGRAFICO
-- California
-- Estados Unidos
653 ## - TERMINO DE INDIZACION - NO CONTROLADO
-- Lasiurus
-- Lasiurus borealis
773 1# - Item fuente:
Título Southwestern Naturalist
Especificación de materiales 458
Descripción física 3
Paginas del Articulo 361-361
Lugar, editorial y fecha de publicación 1970
Información sobre la relación 14
942 ## - ELEMENTOS ADICIONALES (KOHA)
Tipo de ítem Artículo
Existencias
Withdrawn status Lost status Damaged status No para préstamo Colección Ubicación Permanente Ubicación actual Fecha de adquisición Datos de publicación Seriada Total Checkouts Número topográfico Inventario / Código de Barras Date last seen Ejemplar Price effective from Forma de adquisición Tipo de material
      No para Préstamo Hemeroteca Bogotá Bogotá 27/02/2015 Fuera de circulación   AR 02481 012890 25/03/2015 1 25/03/2015   Artículo